The Confederation Period 1783-89 - Statistics

General Stats
  • This quiz has been taken 0 times
  • The average score is 0 of 22
Answer Stats
Answer Hint % Correct
1780 Congress is virtually bankrupt
0%
1783 The Articles appear to be facing a problematic future
0%
1785 Land Ordinance, which outlines a surveying system for the sale of northwest land
0%
1787 Debtors are winning political control, with 7 states issuing paper money
0%
1788 The Constitution is ratified
0%
1789 Congress passes two measures aimed at raising revenue, including multiple trade duties ranging from 5%-50% on 30 specific items, as well as the Tonnage Act
0%
1789-1799 French Revolution
0%
17 September 1787 Members of the Constitutional convention sign the final draft of the Constitution
0%
19 December 1783 Thomas Paine's 'The American Crisis' is published, boasting a profound impact on the attitudes and expectations of the colonists post-war
0%
1 March 1781 The Articles of Confederation are finally ratified by all thirteen states, as Maryland delegates sign
0%
21 February 1787 Congress approve a plan to hold a convention in Philadelphia, to revise the Articles of Confederation
0%
23 December 1783 Washington's resignation speech, in which he addresses Congress and emotionally reflects on his time as Head of the Continental Army
0%
25 May 1787 The Philadelphia Convention begins
0%
26 May 1785 John Adams travels to London to demand the evacuation of frontier posts and seek a commercial treaty. His proposals are rejected
0%
28 March 1785 At Washington's Mount Vernon estate, Maryland and Virginia delegates quickly reach an agreement on navigational issues, as well as suggesting interstate cooperation on financial and customs policy
0%
April 15 1783 Treaty of Paris is ratified, officially marking the end of the War of Independence
0%
April 1789 Washington is elected President, alongside Vice President John Adams
0%
February 1789 First Bank of the United States is chartered
0%
January 1787 Shays' Rebellion
0%
July 1787 Northwest Ordinance, which establishes a blueprint for incorporating new territories into the United States
0%
September 1786 Annapolis meeting, proposing that a convention of all the states should be held in Philadelphia in 1787 to redraft the Articles of Confederation.
0%
September 1789 Judiciary Act, which establishes a hierarchical system of federal courts
0%
No matching quizzes found
Score Distribution
Percent of People with Each Score
Percentile by Number Answered
Your Score History
You have not taken this quiz